000 00370nam a2200157Ia 4500
008 221030s9999 xx 000 0 und d
020 _a0074639749
041 _aEnglish
082 _a105.23
_bVoh
100 _aN. D. Vohra
245 0 _aQuantitative Techniques in Management
260 _bTMH
_aNew Delhi
_c2004
300 _a929
650 _aManagement
942 _cBK
999 _c2374
_d2374